000 01354nam a22002537a 4500
999 _c60032
_d60032
003 Ge_BSU
005 20230531114439.0
008 230531s2018ge xxu||||| |||| 00| 0 geo d
020 _a9788378931799
041 _ageo
080 _a81'374.3=353.2 ს-33
100 _aსაღლიანი, მედეა, ავტორი.
_918350
245 _aსვანური ლექსიკონი :
_b(ტექსტებითა და გამოკვლევითურთ) /
_cმედეა საღლიანი, რედ. მერაბ ჩუხუა
264 _bWojnowice,
_c2018.
300 _a766 გვ. ;
_b 24 სმ.
440 _aსაბა - ქართული ლექსიკონი
_918330
504 _aბიბლიოგრაფია: გვ. 763-765.
546 _aყდა ქართულ და ინგლისურ ენებზე.
653 _aსვანური
653 _aლექსიკონი
700 _aჩუხუა, მერაბ
_eრედაქტორი
_916915
710 _aთსუ არნ. ჩიქობავას სახ. ენათმეცნიერების ინ-ტი, სსიპ ჩერქეზული (ადიღური) კულტურის ცენტრი.
_918346
942 _2udc
_cBK